MANAGERIAL EFFECTIVENESS CONCEPTS AND CA (Record no. 4054)

MARC details
000 -LEADER
fixed length control field 00364nam a2200145Ia 4500
008 - FIXED-LENGTH DATA ELEMENTS--GENERAL INFORMATION
fixed length control field 240624s9999 xx 000 0 und d
041 ## - LANGUAGE CODE
Language code of text/sound track or separate title eng
082 ## - DEWEY DECIMAL CLASSIFICATION NUMBER
Classification number 658.4 PRA
100 ## - MAIN ENTRY--PERSONAL NAME
Personal name PRASAD V R K
245 ## - TITLE STATEMENT
Title MANAGERIAL EFFECTIVENESS CONCEPTS AND CA
260 ## - PUBLICATION, DISTRIBUTION, ETC.
Date of publication, distribution, etc. 2004
Place of publication, distribution, etc. Hyderabad
Name of publisher, distributor, etc. ICFAI University
300 ## - PHYSICAL DESCRIPTION
Extent v, : 205 : p. ; 23cm.
365 ## - TRADE PRICE
Currency code RS
440 ## - SERIES STATEMENT/ADDED ENTRY--TITLE
Volume/sequential designation II
Holdings
Withdrawn status Lost status Damaged status Not for loan Home library Current library Shelving location Date acquired Cost, normal purchase price Full call number Barcode Date last seen Copy number Price effective from Koha item type
        IMTN IMTN Rack 28-A 11/13/2006 300.00 658.4 PRA 4054 06/24/2024 1 06/24/2024 Books
Designed & Maintained by: LRC IMT Nagpur Contact: lrc@imtnag.ac.in© 2024. All Rights Reserved.